[Event "28th Pula Open 2014"]
[Site "Pula CRO"]
[Date "2014.06.14"]
[Round "9.16"]
[White "Jeran, Bostjan"]
[Black "Zvan, Ziga"]
[Result "1-0"]
[BlackTitle "FM"]
[WhiteElo "2179"]
[BlackElo "2274"]
[WhiteFideId "14604612"]
[BlackFideId "14602814"]
[EventDate "2014.06.07"]
[EventType "swiss"]

1. Nf3 Nf6 2. c4 Nc6 3. d4 e6 4. e3 Bb4+ 5. Nc3 Bxc3+ 6. bxc3 b6 7. Bd3 O-O 8.
O-O Na5 9. e4 Ne8 10. Bg5 f6 11. Bh4 Ba6 12. Qe2 Rc8 13. Nd2 c5 14. e5 g5 15.
Bg3 f5 16. f4 Rf7 17. d5 Bb7 18. d6 Ng7 19. Nb3 Nc6 20. a4 h5 21. fxg5 Qxg5 22.
Rf4 Kh7 23. a5 Rh8 24. axb6 axb6 25. Nd2 Ra8 26. Rb1 Ra6 27. Nf3 Qh6 28. Rh4 Rf8
29. Bf4 Qg6 30. g4 Kg8 31. Ng5 hxg4 32. Rxg4 Qh5 33. Rg3 Qh4 34. Nh3 Kf7 35. Bg5
Qh5 36. Bf6 Rg8 37. Qg2 Qh6 38. Ng5+ Kf8 39. Rh3 Qg6 40. Be2 Ke8 41. Bf3 f4 42.
Rf1 Ra7 43. Rh7 Nd8 44. Bxb7 Nxb7 45. Rxf4 Ra1+ 46. Rf1 Rxf1+ 47. Qxf1 Nf5 48.
Qg2 Qxh7 49. Qxb7 Rxg5+ 50. Bxg5 Qh3 51. Qc8+ Kf7 52. Qxd7+ Kg6 53. Bd2 Nh4 54.
Qe8+ Kf5 55. Qf7+ Ke4 56. Qf4+ Kd3 57. Qf1+ Qxf1+ 58. Kxf1 Nf3 59. Bf4 1-0

[Event "28th Pula Open 2014"]
[Site "Pula CRO"]
[Date "2014.06.14"]
[Round "9.17"]
[White "Beletic, Daniel"]
[Black "Viviani, Alessio"]
[Result "1-0"]
[WhiteElo "2270"]
[BlackElo "2114"]
[WhiteFideId "14602709"]
[BlackFideId "856550"]
[EventDate "2014.06.07"]
[EventType "swiss"]

1. d4 Nf6 2. Nf3 g6 3. Bg5 Bg7 4. Nbd2 d5 5. e3 O-O 6. Bd3 c5 7. c3 b6 8. b4
cxb4 9. cxb4 Bb7 10. O-O Nbd7 11. Qb1 Ne8 12. a4 Nd6 13. a5 bxa5 14. Rxa5 f6 15.
Bh4 Qb6 16. Bc2 e6 17. Ba4 Rfd8 18. Rc1 Nf5 19. Bg3 Nxg3 20. hxg3 a6 21. Ne1 Bf8
22. Nd3 Rab8 23. Nb3 Ba8 24. Bxd7 Rxd7 25. Nbc5 Ra7 26. Qa2 Bb7 27. Nd7 1-0

[Event "28th Pula Open 2014"]
[Site "Pula CRO"]
[Date "2014.06.14"]
[Round "9.18"]
[White "Kersic, Matej"]
[Black "Sevo, Igor"]
[Result "1-0"]
[WhiteElo "2159"]
[BlackElo "2259"]
[WhiteFideId "14605848"]
[BlackFideId "14503174"]
[EventDate "2014.06.07"]
[EventType "swiss"]

1. e4 c5 2. Nf3 d6 3. d4 cxd4 4. Nxd4 Nf6 5. Nc3 a6 6. Be2 e5 7. Nb3 Be6 8. f4
Qc7 9. g4 exf4 10. Bxf4 Nc6 11. g5 Nd7 12. Qd2 Nce5 13. O-O-O Be7 14. Nd4 g6 15.
h4 O-O-O 16. Kb1 Kb8 17. Nxe6 fxe6 18. Rhf1 Rhf8 19. Be3 Nc4 20. Qd4 Nxe3 21.
Qxe3 Ne5 22. a3 Rxf1 23. Bxf1 Rf8 24. Be2 Qc6 25. Qh3 Qd7 26. Bg4 Nxg4 27. Qxg4
Bd8 28. e5 Rf5 29. exd6 Qc6 30. d7 e5 31. Qg3 Qf3 32. Qe1 Qc6 33. Ne4 Rf7 34.
Nf6 Re7 35. Rd3 Qe6 36. Rc3 Ka7 37. Rc8 Rxd7 38. Nxd7 Qxd7 39. Rc4 Bc7 40. Qe2
Qd6 41. Qd3 Qe7 42. Rb4 Bd6 43. Rc4 Bc7 44. Qd5 Bd6 45. Rc3 Bc7 46. Qc5+ Qxc5
47. Rxc5 Kb6 48. Rc4 Bd6 49. a4 Ka7 50. Kc1 b5 51. axb5 axb5 52. Rc6 Bb8 53. Re6 1-0

[Event "28th Pula Open 2014"]
[Site "Pula CRO"]
[Date "2014.06.14"]
[Round "9.19"]
[White "Mestek, Igor"]
[Black "Mihalincic, Tomislav"]
[Result "1-0"]
[BlackTitle "FM"]
[WhiteElo "2130"]
[BlackElo "2317"]
[WhiteFideId "14602270"]
[BlackFideId "14503867"]
[EventDate "2014.06.07"]
[EventType "swiss"]

1. e4 e5 2. Nf3 Nc6 3. d4 exd4 4. Nxd4 Bc5 5. Nb3 Bb6 6. Nc3 Qf6 7. Qf3 Nd4 8.
Nxd4 Bxd4 9. Nd5 Qxf3 10. gxf3 Bb6 11. Be3 Ne7 12. Bxb6 Nxd5 13. Bd4 Nb4 14. Kd2
f6 15. Rg1 Nc6 16. Bc3 O-O 17. Bc4+ Kh8 18. f4 d6 19. Rg3 Bd7 20. Rag1 g6 21. h4
Rad8 22. Kc1 Be8 23. h5 Kg7 24. Bd5 Ne7 25. Be6 Bf7 26. h6+ Kg8 27. Bxf6 Rfe8
28. f5 Bxe6 29. fxe6 d5 30. Rd1 c6 31. f4 Rc8 32. f5 dxe4 33. Rd7 Nxf5 34. Rxg6+ 1-0

[Event "28th Pula Open 2014"]
[Site "Pula CRO"]
[Date "2014.06.14"]
[Round "9.20"]
[White "Kastelic, Marian"]
[Black "Vincenzi, Marco"]
[Result "1-0"]
[WhiteTitle "FM"]
[WhiteElo "2311"]
[BlackElo "2047"]
[WhiteFideId "14602245"]
[BlackFideId "814679"]
[EventDate "2014.06.07"]
[EventType "swiss"]

1. d4 Nf6 2. c4 g6 3. f3 d6 4. e4 Bg7 5. Nc3 O-O 6. Be3 c5 7. Nge2 cxd4 8. Nxd4
Nc6 9. Be2 a6 10. O-O Nxd4 11. Bxd4 Be6 12. Rc1 Qa5 13. f4 Rfc8 14. b3 b5 15. f5
Bd7 16. fxg6 hxg6 17. Rc2 b4 18. Nd5 Nxd5 19. exd5 Bxd4+ 20. Qxd4 Qc5 21. Qxc5
Rxc5 22. Bd3 e5 23. Re2 a5 24. Rf6 Bg4 25. Ref2 Ra7 26. Rxd6 Re7 27. h3 Bc8 28.
Rff6 e4 29. Be2 Bd7 30. Ra6 Kg7 31. Rfb6 Be8 32. Rb8 f5 33. d6 Re6 34. Ra7+ Kf6
35. d7 Bxd7 36. Rxd7 Ke5 37. g3 g5 38. Rg8 Kf6 39. Bh5 e3 40. Rg6+ Ke5 41. Rxe6+
Kxe6 42. Rd3 f4 43. Bg4+ Ke5 44. Rd5+ Rxd5 45. cxd5 Kxd5 46. gxf4 gxf4 47. Kf1
Kd4 48. Ke2 Kc3 49. h4 Kb2 50. Be6 Kxa2 51. h5 1-0

[Event "28th Pula Open 2014"]
[Site "Pula CRO"]
[Date "2014.06.14"]
[Round "9.21"]
[White "Mueller, Peter2"]
[Black "Dudas, Eszter"]
[Result "0-1"]
[BlackTitle "WIM"]
[WhiteElo "2054"]
[BlackElo "2227"]
[WhiteFideId "4626010"]
[BlackFideId "728306"]
[EventDate "2014.06.07"]
[EventType "swiss"]

1. e4 e6 2. d4 d5 3. Nc3 Bb4 4. e5 Ne7 5. a3 Bxc3+ 6. bxc3 b6 7. Bd3 Ba6 8. Nf3
Bxd3 9. cxd3 Nd7 10. a4 c5 11. Ba3 O-O 12. O-O Qc7 13. h4 f6 14. Re1 fxe5 15.
dxe5 Rf5 16. Ng5 Qc6 17. d4 Raf8 18. Ra2 h6 19. g4 Rf4 20. Nh3 Rf3 21. Re3 R3f7
22. h5 g5 23. hxg6 Nxg6 24. g5 Nh4 25. gxh6 Nf5 26. Qh5 Kh8 27. Ng5 Re7 28. Rf3
Rg8 29. Kf1 Qxa4 30. Rxf5 exf5 31. Bxc5 Qc4+ 32. Ke1 bxc5 33. Re2 Qxc3+ 34. Rd2
Nxe5 35. dxe5 Rxe5+ 36. Kd1 Qa1+ 37. Kc2 Qa4+ 0-1

[Event "28th Pula Open 2014"]
[Site "Pula CRO"]
[Date "2014.06.14"]
[Round "9.22"]
[White "Martic, Slavko"]
[Black "Plenca, Jadranko"]
[Result "0-1"]
[WhiteElo "2024"]
[BlackElo "2208"]
[WhiteFideId "14514729"]
[BlackFideId "14527146"]
[EventDate "2014.06.07"]
[EventType "swiss"]

1. e4 e5 2. Nf3 Nc6 3. d4 exd4 4. Nxd4 Nf6 5. Nc3 Bb4 6. Nxc6 bxc6 7. Bd3 d5 8.
exd5 cxd5 9. O-O O-O 10. Bg5 c6 11. Qf3 Be7 12. Bf5 Bxf5 13. Qxf5 Rb8 14. b3 h6
15. Bf4 Bd6 16. Bxd6 Qxd6 17. Qd3 Rfe8 18. Rae1 Qb4 19. Rxe8+ Rxe8 20. h3 a5 21.
a4 Nd7 22. Nb1 Nc5 23. Qc3 Qxc3 24. Nxc3 d4 25. Nd1 Re2 26. c3 Nxb3 27. cxd4
Nxd4 28. Ne3 Ra2 29. Rb1 Rxa4 30. Rb8+ Kh7 31. Rf8 f6 32. Rd8 Rb4 33. h4 h5 34.
g3 a4 35. Ra8 Kg6 36. Ra6 Kh6 37. Kg2 g5 38. hxg5+ Kxg5 39. Kh3 Kg6 40. f4 Rb3
41. Ng2 Nf5 42. Rxa4 Rxg3+ 43. Kh2 Rc3 44. Ra7 h4 45. Rd7 h3 46. Ne1 Re3 47. Nd3
Nh4 48. Nf2 Nf3+ 0-1

[Event "28th Pula Open 2014"]
[Site "Pula CRO"]
[Date "2014.06.14"]
[Round "9.23"]
[White "Brinovec, Dusan"]
[Black "Marceta, Milan"]
[Result "1-0"]
[WhiteElo "2201"]
[BlackElo "2013"]
[WhiteFideId "14603489"]
[BlackFideId "14509628"]
[EventDate "2014.06.07"]
[EventType "swiss"]

1. b3 c5 2. Bb2 d5 3. e3 Nf6 4. f4 Nc6 5. Nf3 e6 6. Bb5 Be7 7. Ne5 Qb6 8. Qe2
O-O 9. Bxc6 bxc6 10. d3 a5 11. a4 Ba6 12. Nd2 Qb7 13. O-O Ne4 14. Nxe4 dxe4 15.
Nc4 Bxc4 16. dxc4 f5 17. Rad1 Rad8 18. Rxd8 Rxd8 19. Bc3 Ra8 20. Rd1 Qc7 21. Kf1
Rd8 22. Rxd8+ Bxd8 23. Qd2 Kf7 24. Be5 Qc8 25. Qc3 Qd7 26. Ke2 Kg8 27. Qd2 Qxd2+
28. Kxd2 h6 29. Bd6 Bb6 30. c3 g5 31. fxg5 hxg5 32. Be7 g4 33. Bd6 Kf7 34. Be5
Ke7 35. h3 gxh3 36. gxh3 Kf7 37. Ke2 Kg6 38. Kf2 Kh5 39. Kg3 Bd8 40. Bd6 Bf6 41.
b4 cxb4 42. cxb4 axb4 43. Bxb4 Be5+ 44. Kg2 Bb8 45. Bc5 Bc7 46. Ba7 e5 47. c5 f4
48. Bb6 Bb8 49. a5 fxe3 50. a6 e2 51. Kf2 Kh4 52. Kxe2 Kxh3 53. a7 Bxa7 54. Bxa7
Kg4 55. Ke3 Kf5 56. Bb8 1-0

[Event "28th Pula Open 2014"]
[Site "Pula CRO"]
[Date "2014.06.14"]
[Round "9.24"]
[White "Crnkovic, Zdravko"]
[Black "Kolesar, Milan"]
[Result "0-1"]
[BlackTitle "FM"]
[WhiteElo "2002"]
[BlackElo "2176"]
[WhiteFideId "14507854"]
[BlackFideId "14900130"]
[EventDate "2014.06.07"]
[EventType "swiss"]

1. e4 c5 2. f4 d5 3. e5 Nc6 4. c3 d4 5. d3 h5 6. Na3 Bg4 7. Nf3 e6 8. Be2 Nh6 9.
Nc2 Bxf3 10. Bxf3 Nf5 11. O-O h4 12. c4 Be7 13. Bd2 g6 14. Rb1 a5 15. Rf2 Qd7
16. a3 a4 17. b4 axb3 18. Rxb3 Kf8 19. Qb1 Ra7 20. Rb5 Kg7 21. a4 Rha8 22. Re2
Qc8 23. Be1 Rxa4 24. Rxb7 Nb4 25. Nxb4 cxb4 26. Rxe7 Nxe7 27. Bxa8 Qxa8 28. Qb2
Nf5 29. Bxb4 Ra1+ 30. Be1 Ne3 31. h3 Qa5 32. Qxd4 Rxe1+ 33. Kf2 Nf5 34. Qb2 Rd1 0-1

[Event "28th Pula Open 2014"]
[Site "Pula CRO"]
[Date "2014.06.14"]
[Round "9.25"]
[White "Lechner, Marcus"]
[Black "Blagojevic, Marijan"]
[Result "0-1"]
[WhiteElo "1975"]
[BlackElo "2143"]
[WhiteFideId "1629034"]
[BlackFideId "14513960"]
[EventDate "2014.06.07"]
[EventType "swiss"]

1. e4 c5 2. Nf3 d6 3. d4 cxd4 4. Nxd4 Nf6 5. Nc3 a6 6. Be3 e5 7. Nb3 Be7 8. f3
Be6 9. Qd2 Nbd7 10. g4 O-O 11. O-O-O b5 12. g5 b4 13. Ne2 Ne8 14. h4 a5 15. Kb1
Nc7 16. f4 a4 17. Nbc1 exf4 18. Nxf4 Qb8 19. Nxe6 fxe6 20. h5 Ne5 21. Qg2 Nb5
22. Bxb5 Qxb5 23. Qh3 Qc4 24. Rd4 Qc8 25. Rf1 Nc4 26. Rxf8+ Bxf8 27. g6 e5 28.
Qxc8 Rxc8 29. Rd3 Be7 30. Bd2 Rf8 31. c3 Rf2 32. Be1 Rxb2+ 33. Ka1 Rc2 0-1